00476nam a2200133Ia 4500008004100000020001800041050002600059100002300085245010000108260004500208300002900253500005100282521000900333140527s9999 xx 000 0 und d a9781849207508 aHD 30.28 b.P245 2013 aParoutis, Sotirios aPracticing strategy :btext and cases /cSotirios Paroutis, Loizos Heracleous, Duncan Angwin. aLos Angeles, California :bSAGE,cc2013. a256 p. :bill. ;c24 cm. aIncludes bibliographical references and index. aBSBA